| 000 | 00475nam a2200181Ia 4500 | ||
|---|---|---|---|
| 008 | 240925s9999 xx 000 0 und d | ||
| 020 | _a9788126571833 | ||
| 082 | _a629.8 NIS | ||
| 100 | _aNise, Norman S. | ||
| 245 | 0 | _aNise's control systems engineering | |
| 250 | _a7th | ||
| 260 |
_aNew Delhi: _bJohn Wiley and Sons _c,2018. |
||
| 300 |
_a1024p. _b0 _fOriginal |
||
| 500 | _aIncludes Index | ||
| 600 | _aElectrical Engineering | ||
| 650 | _aTechnology | ||
| 942 | _cBK | ||
| 999 |
_c17517 _d17517 |
||